60 minutes. Ask Ohio /

A report on the presidential election in the state of Ohio, a consistent battleground for the presidential election often looked to as an indicator of who will win the overall presidential race. A range of voters are surveyed about their preferred candidate, taking into account issues such as Americ...

Full description

Bibliographic Details
Other Authors: Schuster, Henry (Producer)
Format: Video
Language:English
Language Notes:In English.
Published: New York, NY : Columbia Broadcasting System (CBS), [2020]
Series:60 Minutes
Subjects:
Online Access:Connect to this streaming video (Alexander Street Press)

MARC

Tag First Indicator Second Indicator Subfields
LEADER 00000cgm a2200000 i 4500
001 in00005600607
006 m o c
007 cr |n||||||||a
007 vz |za|z|
008 240126s2020 nyu013 e o vneng d
005 20241201234124.1
035 |a (OCoLC)on1429691610 
040 |a ALSTP  |b eng  |e rda  |c ALSTP  |d OCLCO  |d DXU  |d OCLCQ 
019 |a 1443943010  |a 1455133554 
035 |a (OCoLC)1429691610  |z (OCoLC)1443943010  |z (OCoLC)1455133554 
049 |a TXAM 
245 0 0 |a 60 minutes.  |p Ask Ohio /  |c produced by Henry Schuster. 
246 1 3 |a Sixty minutes.  |p Ask Ohio 
246 3 0 |a Ask Ohio 
264 1 |a New York, NY :  |b Columbia Broadcasting System (CBS),  |c [2020] 
300 |a 1 online resource (13 minutes) 
306 |a 001250 
336 |a two-dimensional moving image  |b tdi  |2 rdacontent 
337 |a computer  |b c  |2 rdamedia 
337 |a video  |b v  |2 rdamedia 
338 |a online resource  |b cr  |2 rdacarrier 
347 |a video file  |2 rdaft 
490 0 |a 60 Minutes 
511 0 |a Reporter, Scott Pelley. 
588 0 |a Title from resource description page (viewed January 26, 2024). 
520 |a A report on the presidential election in the state of Ohio, a consistent battleground for the presidential election often looked to as an indicator of who will win the overall presidential race. A range of voters are surveyed about their preferred candidate, taking into account issues such as American industry, racial justice, and traditional party affiliations. Includes interviews with Randy Cole, Cyndra Cole. Tommie Jo Brode, Bob Schrock, Mark Sesock, Dan Gruelle, Charles Pierce, Reverend Jawanza Colvin, Lisa Tolbert, Ron Smetana and Steve Plogsted, who all discussed their voting choices. 
546 |a In English. 
600 1 0 |a Biden, Joseph R.,  |c Jr. 
600 1 0 |a Trump, Donald,  |d 1946- 
650 0 |a Presidential candidates  |z United States. 
650 0 |a Presidents  |z United States  |x Election  |y 2020. 
650 0 |a Elections  |z Ohio. 
650 0 |a Elections  |z United States. 
651 0 |a Ohio  |x Politics and government. 
650 6 |a Élections  |z Ohio. 
651 6 |a Ohio  |x Politique et gouvernement. 
655 7 |a Television news programs.  |2 lcgft 
655 7 |a Téléjournaux.  |2 rvmgf 
700 1 |a Schuster, Henry,  |e producer. 
710 2 |a CBS News Productions,  |e production company. 
730 0 |i In series:  |a 60 minutes (Television program) 
856 4 0 |u http://proxy.library.tamu.edu/login?url=https://www.aspresolver.com/aspresolver.asp?MARC;5522273  |z Connect to this streaming video (Alexander Street Press)  |t 0 
955 |a Alexander Street Press subscription streaming video 
994 |a 92  |b TXA 
999 f f |s d08691ea-d8d5-4469-a9e9-a2aa0ca929d4  |i af496aae-6c9c-4aee-b3dc-b134b912c1cf  |t 0 
952 f f |a Texas A&M University  |b College Station  |c Electronic Resources  |d Available Online  |t 0  |h Library of Congress classification 
998 f f |t 0  |l Available Online